000 00926nam a2200217Ia 4500
003 GCL
008 140319s9999 xx 000 0 ara d
020 _a7297208977
040 _aGCL /
_cGCL
082 0 4 _a953.047
_bأ م
100 1 _aاحمد شوقى ابراهيم العمرجى
245 1 0 _aالمعتزلة في بغداد واثرهم في الحياة الفكرية والسياسية :
_bمن خلافة المأمون حتى وفاة المتوكل على الله من سنة 198 - 247 هـ \ 813 - 861 م /
_cاحمد شوقى ابراهيم العمرجى
250 _aالاولى
260 _aالقاهرة :
_bمكتبة مدبولى ،
_c2000
300 _a250 ص ؛
_c24 سم
650 0 4 _aالفرق الاسلامية
650 0 4 _aالمعتزلة
650 0 4 _aالعراق - الاحوال السياسية
650 0 4 _aالعراق - الاحوال الثقافية
942 _2ddc
_cBK
999 _c6480
_d6480